000
00420nam a2200181Ia 4500
008
090124s9999 xx 000 0 und d
082
_b
123106
100
_a
कदम बाबा
245
_a
भालू
250
_a
3
260
_c
1985
300
_a
211
600
_a
कदम बाबा
630
_a
भालू
700
_a
कदम बाबा
730
_a
भालू
942
_c
BOOK
999
_c
169192
_d
169192